LEADER 03412nam 22007333u 450 001 9910785745603321 005 20230126205741.0 035 $a(CKB)2670000000242022 035 $a(EBL)949019 035 $a(OCoLC)818858129 035 $a(SSID)ssj0000176119 035 $a(PQKBManifestationID)11171249 035 $a(PQKBTitleCode)TC0000176119 035 $a(PQKBWorkID)10204860 035 $a(PQKB)10223051 035 $a(MiAaPQ)EBC949019 035 $a(EXLCZ)992670000000242022 100 $a20130418d2012|||| u|| | 101 0 $aeng 135 $aur|n|---||||| 181 $ctxt 182 $cc 183 $acr 200 10$aIdentity Poetics$b[electronic resource] $eRace, Class and the Lesbian-Feminist Roots of Queer Theory 210 $aNew York $cColumbia University Press$d2012 215 $a1 online resource (275 p.) 225 1 $aBetween Men~Between Women: Lesbian and Gay Studies 300 $aDescription based upon print version of record. 311 $a0-231-11033-2 327 $aContents; Acknowledgments; Introduction: Race, Class, and Generations; Chapter One | The Social Construction of Lesbian Feminism; Chapter Two | Putting the Word Dyke on the Map: Judy Grahn; Chapter Three | "I Have a Dream Too": Pat Parker; Chapter Four | "High Over Halfway Between Your World and Mine": Audre Lorde; Chapter Five | An Uncommonly Queer Reading: Adrienne Rich; Chapter Six | "Caught in the Crossfire Between Camps": Gloria Anzaldu?a; Chapter Seven | Around 1991: The Rise of Queer Theory and the Lesbian Intertext; Afterward, the Dy2ke March: June 24, 2000, San Francisco; Notes 327 $aWorks CitedIndex 330 $a""Queer theory,"" asserts Linda Garber, ""alternately buries and vilifies lesbian feminism, missing its valuable insights and ignoring its rich contributions."" Rejecting the either/or choice between lesbianism and queer theory, she favors an inclusive approach that defies current factionalism. In an eloquent challenge to the privileging of queer theory in the academy, Garber calls for recognition of the historical?and intellectually significant?role of lesbian poets as theorists of lesbian identity and activism.The connections, Garber shows, are most clearly seen when looking at 410 0$aBetween Men~Between Women: Lesbian and Gay Studies 606 $aLesbian feminist theory 606 $aLesbian feminist theory 606 $aLesbianism - Philosophy 606 $aLesbianism - Philosophy 606 $aLesbians - Identity 606 $aLesbians - Identity 606 $aLesbians - Poetry 606 $aLesbians - Poetry 606 $aGay & Lesbian Studies$2HILCC 606 $aGender & Ethnic Studies$2HILCC 606 $aSocial Sciences$2HILCC 615 4$aLesbian feminist theory. 615 4$aLesbian feminist theory. 615 4$aLesbianism - Philosophy. 615 4$aLesbianism - Philosophy. 615 4$aLesbians - Identity. 615 4$aLesbians - Identity. 615 4$aLesbians - Poetry. 615 4$aLesbians - Poetry. 615 7$aGay & Lesbian Studies 615 7$aGender & Ethnic Studies 615 7$aSocial Sciences 676 $a306.7663 700 $aGarber$b Linda$0882475 801 0$bAU-PeEL 801 1$bAU-PeEL 801 2$bAU-PeEL 906 $aBOOK 912 $a9910785745603321 996 $aIdentity Poetics$93746059 997 $aUNINA LEADER 04122nam 2200709 450 001 9910788448203321 005 20220524100653.0 024 7 $a10.31819/9783865278913 035 $a(CKB)3280000000011285 035 $a(EBL)3215844 035 $a(OCoLC)924627668 035 $a(SSID)ssj0001162116 035 $a(PQKBManifestationID)11742048 035 $a(PQKBTitleCode)TC0001162116 035 $a(PQKBWorkID)11135938 035 $a(PQKB)10870353 035 $a(MiAaPQ)EBC3215844 035 $a(DE-B1597)516713 035 $a(OCoLC)1091667812 035 $a(DE-B1597)9783865278913 035 $a(MiAaPQ)EBC6356071 035 $a(Au-PeEL)EBL6356071 035 $a(OCoLC)1237400985 035 $a(OCoLC)992030057 035 $a(FlNmELB)ELB36872 035 $a(MiAaPQ)EBC29346953 035 $a(Au-PeEL)EBL29346953 035 $a(OCoLC)1342500787 035 $a(EXLCZ)993280000000011285 100 $a20220524d2002 uy 0 101 0 $aspa 135 $aurnn#---|u||u 181 $ctxt 182 $cc 183 $acr 200 03$aLa Romania americana $eprocesos linguisticos en situaciones de contacto /$fNorma Diaz, Ralph Ludwig, Stefan Pfander (editors) 205 $a1st ed. 210 1$aMadrid ;$aFrankfurt am Main :$cIberoamericana :$cVervuert,$d[2002] 210 4$d©2002 215 $a1 online resource (447 p.) 225 1 $aLengua y sociedad en el mundo hispanico ;$vVolume 9 300 $aContiene i?ndice. 311 0 $a84-8489-037-6 311 0 $a3-86527-891-4 327 $tFront matter --$tAgradecimientos --$tÍndice --$tLa Romania americana. Introducción al presente volumen --$t1 Aproximación pluridimensional a la variación lingüística en situaciones de contacto --$tEl 'Atlas Lingüístico Guaraní-Románico' (ALGR). Primeros resultados /$rThun, Harald / Aquino, Almidio --$tLa situación actual del contacto lingüístico guaraní-castellano en la Argentina /$rDietrich, Wolf --$t2 El papel histórico de las lenguas africanas en el Caribe --$tContacto de criollos y la génesis del español (afro)caribeño /$rLipski, John --$tEl vocabulario (ritual) bantú de Cuba /$rSchwegler, Armin --$t3 Cambios de sistema en el contacto lingüístico --$tSonorización en castellano vs. ensordecimiento en portugués en situaciones de contacto luso-español /$rBoller, Fred --$tLa categoría del plural en el quechua boliviano /$rMuysken, Pieter --$tContacto y cambio lingüístico en Cochabamba (Bolivia) /$rPfänder, Stefan --$tDiacronía del contacto español-portugués /$rElizaincín, Adolfo --$t4 Lenguas criollas como 'input' y 'output' del contacto lingüístico --$tLos criollos de base inglesa en Centro América: Investigaciones recientes /$rHerzfeld, Anita --$tLa diáspora haitiana: desde la periferia hacia la periferia. Contactos en 'Hispaniola' /$rDíaz, Norma --$t5 Contacto lingüístico bajo el signo de migración, urbanidad y medios --$tSobre variantes situacionales y direccionales de contacto lingüístico. A propósito de un rasgo fonético del quechua santiagueño /$rde Granda, Germán --$tUrbanidad, migración e hibridación de la lengua: procesos de contacto en el español de Santiago de Chile /$rLudwig, Ralph --$t6 Procesos lingüísticos en situaciones de contacto --$tProcesos lingüísticos en situaciones de contacto. Parámetros y perspectivas /$rDíaz, Norma / Ludwig, Ralph / Pfänder, Stefan --$tDirecciones de los autores --$tÍndice de gráficos, reproducciones y mapas 410 0$aLengua y sociedad en el mundo hispa?nico ;$vVolume 9. 606 $aSociolinguistics$zLatin America 610 $aSociologi?a lingu?i?stica$aManuales. 610 $aLenguas romances. 615 0$aSociolinguistics 676 $a306.44098 700 $aDíaz$b Norma, $4aut$4http://id.loc.gov/vocabulary/relators/aut$01511616 702 $aDi?az$b Norma 702 $aLudwig$b Ralph 702 $aPfa?nder$b Stefan 801 0$bMiAaPQ 801 1$bMiAaPQ 801 2$bMiAaPQ 906 $aBOOK 912 $a9910788448203321 996 $aLa Romania americana$93745025 997 $aUNINA